PRINCIPLES AND PRACTICES OF COMMERCIAL CONSTRUCTION (Record no. 24976)
[ view plain ]
| 000 -LEADER | |
|---|---|
| fixed length control field | 00372nam a22001577a 4500 |
| 003 - CONTROL NUMBER IDENTIFIER | |
| control field | SGT |
| 020 ## - INTERNATIONAL STANDARD BOOK NUMBER | |
| International Standard Book Number | 9789390168293 |
| 082 ## - DEWEY DECIMAL CLASSIFICATION NUMBER | |
| Classification number | 690,RON |
| 100 ## - MAIN ENTRY--PERSONAL NAME | |
| Personal name | RONALD WOODS.W |
| 245 ## - TITLE STATEMENT | |
| Title | PRINCIPLES AND PRACTICES OF COMMERCIAL CONSTRUCTION |
| 250 ## - EDITION STATEMENT | |
| Edition statement | 10TH |
| 260 ## - PUBLICATION, DISTRIBUTION, ETC. (IMPRINT) | |
| Place of publication, distribution, etc | INDIA |
| Name of publisher, distributor, etc | PEARSON |
| Year of Publication | 2022 |
| 300 ## - PAGE DESCRIPTION | |
| No. of Pages | 547 |
| 650 ## - SUBJECT ADDED ENTRY--TOPICAL TERM | |
| Topical term or geographic name as entry element | CONSTRUCTION OF BUILDING |
| 942 ## - ADDED ENTRY ELEMENTS (KOHA) | |
| Source of classification or shelving scheme | Dewey Decimal Classification |
| Koha item type | Books |
| Withdrawn status | Lost status | Source of classification or shelving scheme | Damaged status | Not for loan | Collection code | Home library | Current library | Shelving location | Date acquired | Vendor Name | Cost, normal purchase price | SGTU | Bill Number | Full call number | Accession No. (Barcode) | Date last seen | Bill Date | Koha item type | Use restrictions | Total Checkouts |
|---|---|---|---|---|---|---|---|---|---|---|---|---|---|---|---|---|---|---|---|---|
| Dewey Decimal Classification | ENGINEERING | SGT Engineering Library | SGT Engineering Library | Text Book | 05/09/2023 | AHUJA BOOK COMPANY | 825.00 | SGTU | 16906 | 690,RON | FE8662 | 05/09/2023 | 16/06/2023 | Books | ||||||
| Dewey Decimal Classification | ENGINEERING | SGT Engineering Library | SGT Engineering Library | Reference Book | 05/09/2023 | AHUJA BOOK COMPANY | 825.00 | SGTU | 16906 | 690,RON | FE8663 | 05/09/2023 | 16/06/2023 | Books | Restricted Access | |||||
| Dewey Decimal Classification | ENGINEERING | SGT Engineering Library | SGT Engineering Library | Text Book | 05/09/2023 | AHUJA BOOK COMPANY | 825.00 | SGTU | 16906 | 690,RON | FE8664 | 05/09/2023 | 16/06/2023 | Books | ||||||
| Dewey Decimal Classification | ENGINEERING | SGT Engineering Library | SGT Engineering Library | Text Book | 05/09/2023 | AHUJA BOOK COMPANY | 825.00 | SGTU | 16906 | 690,RON | FE8665 | 05/09/2023 | 16/06/2023 | Books | ||||||
| Dewey Decimal Classification | ENGINEERING | SGT Engineering Library | SGT Engineering Library | Text Book | 05/09/2023 | AHUJA BOOK COMPANY | 825.00 | SGTU | 16906 | 690,RON | FE8666 | 05/09/2023 | 16/06/2023 | Books |